000 00801nam a22002057a 4500
005 20100819144342.0
010 _aENG-100980
020 _a9788131304709
_c495.00
035 _aEN-84513
037 _bDBAD/PUB
082 _a301.412
100 _aNirula
_915216
245 _aWomen problems and their oppression in U. P. :
_ba study in the mental attitudes of the society (1900-1950) /
_cby Nirula
260 _aNew Delhi
_bA P H Publishing Corporation
_c2009
270 _a4435-36/7, Ansari Road, Darya Ganj
_bNew Delhi
_e110002
300 _axxv,152p.:
_bill.
_c22cm (Hb)
500 _aIncludes index
942 _2ddc
_cEN
_h301.412
_mNIR
999 _c42563
_d42563